000 00448cam a22001217a 4500
008 180718b1988 xxu||||| |||| 00| 0 eng d
082 _aA81x54 In2/81/29/PT12
100 _aCensus of India 1981
245 _aGoa, Daman and Diu and Dadra and Nagar Haweli: census atlas
260 _aDelhi
_bThe Controller of Publications
_c1988
300 _a195+p.
440 _aCensus of India 1981. Series-29, Goa, Daman and Diu and Dadra and Nagar Haweli. Part-XII
999 _c482685
_d482685